Determinaȯ́ Indirecta da Matřia Colectv̀el

Detalles Bibliográficos
Autor principal: Leitó, Helder Martins
Formato: Desconocido
Lenguaje:portugués
Publicado: Portugal : Almeida & Leitó, 2007
Materias:
Acceso en línea:Acceso restringido

MARC

LEADER 00000ny a22000003n 4500
005 20110622131058.0
008 091223s2007 po 000 0 por d
020 |a 9789727491308 
035 |a 1853 
040 |a BUS  |d vLex 
080 |a 347.9557(469) 
090 |c 1008  |d 1008 
100 1 |a Leitó, Helder Martins 
245 1 0 |a Determinaȯ́ Indirecta da Matřia Colectv̀el  |h [Recurso electrn̤ico]  |c Helder Martins Leitó  
256 |a Servicio en ln̕ea 
260 |a Portugal :  |b Almeida & Leitó,  |c 2007 
300 |a p. ;  |c cm 
506 1 |a Contenido solo disponible en los productos indicados  |d vLex Global  |d vLex Global (Academic Edition, excluding Law Schools)  |d vLex Global (U.S. Academic Edition, Law Schools)  |d vLex Global (U.S. Academic Edition, excluding Law Schools)  |d vLex Global (Academic Edition, Law Schools) 
650 0 4 |a Derecho fiscal  |z Portugal 
650 0 4 |a Hacienda local 
650 0 4 |a Medios de impugnacin̤  |z Portugal 
740 0 |a vLex Libros (Servicios en ln̕ea) 
856 4 0 |u http://vlex.com/source/1853  |z Acceso restringido 
942 |c BOOK